| 000 | 00820nam a2200205Ia 4500 | ||
|---|---|---|---|
| 003 | GCL | ||
| 008 | 140319s9999 xx 000 0 ara d | ||
| 040 |
_aGCL / _cGCL |
||
| 082 | 0 | 4 |
_a255.4 _bع م |
| 100 | 1 | _aعبدالله بن جارالله بن ابراهيم | |
| 245 | 1 | 0 |
_aمن اضرار المسكرات والمخدرات ويليها خلاصة ما جاء فى المؤتمر الاسلامى العالمى لمكافحة المسكرات والمخدرات بالمدينة المنورة / _cعبدالله بن جارالله بن ابراهيم |
| 260 |
_a[S.N] : _bمكتبة المعارف ، _c1985 |
||
| 300 | _a88 ص | ||
| 490 | _a | ||
| 650 | 0 | 4 | _aالمخدرات |
| 650 | 0 | 4 | _aالمخدرات والجريمة |
| 650 | 0 | 4 | _aالحشيش |
| 650 | 0 | 4 | _aالمسكرات |
| 942 |
_2ddc _cBK |
||
| 999 |
_c53786 _d53786 |
||